000 00799nam 22002293 4500
001 201852
010 _a978-972-47-3384-5
021 _aPT
_b277 198/08
090 _a201852
100 _a20260420d u||y0pory50 ba
101 _apor
200 _aComo Resolver Problemas Matemáticos
_eUma Perspectiva Pessoal
_fTerence Tao
_gPrefácio de João Filipe Queiró ; Tradução de Paulo Ventura Araújo
205 _a
210 _aAlfragide
_cTexto Editores
_d2008
215 _aXV, [1], 110, [2] p. : il.
_cBrochado
_d24 cm
606 _96160
_aCiências Puras
_xMatemática
675 _a51(076.1/.3)/TAO/COM
_vPT
_zpor
700 _917152
_aTao
_bTerence
_f1975-
702 _915617
_aQueiró
_bJoão Filipe
_f1957-
801 _aPT
_bBMMN
_gRPC
830 _cCarlos Pinto
_d20-04-2026
_fCarlos Pinto
990 _cLIVROS